|
|
|
|
| LEADER |
00000cam a2200000 7i4500 |
| 001 |
0000008390 |
| 005 |
20161108093000.0 |
| 008 |
021119n |
| 020 |
|
|
|a 700700196
|
| 090 |
0 |
0 |
|a PJ6783
|b .B87
|
| 100 |
0 |
|
|a Burckhardt, John Lewis ,
|d 1784-1817 ,
|e author
|
| 245 |
0 |
0 |
|a Arabic proverbs :
|b or the manner's and customs of the modern Egyptions :
|b illustrated from their proverbial sayings current at Cairo
|c John Lewis Burckhardt
|
| 260 |
2 |
|
|a London :
|b Curzon ,
|c 1972
|
| 300 |
|
|
|a viii, 283 p. ; ;
|c 22 cm.
|
| 650 |
|
0 |
|a Proverbs, Arabic
|z Egypt
|z Cairo
|
| 999 |
|
|
|a 1000041467
|b Book
|c OPEN SHELF (30 DAYS)
|e Gong Badak Campus
|
| 999 |
|
|
|a 1000041468
|b Book
|c OPEN SHELF (30 DAYS)
|e Gong Badak Campus
|
| 999 |
|
|
|a 1000041469
|b Book
|c OPEN SHELF (30 DAYS)
|e Gong Badak Campus
|